LEADER 01047nam a2200253 u 4500 001 000000171358 003 CaOOAMICUS 005 20190121171518.0 008 190121s2018 it d u000 u ita r 020 $z978-88-921-1767-9* 032 $aLibriCat 040 $aPUL$bita 100 1 $aGalantino, Luisa.$0(OLS)http://pul/name/50291 245 10$aDiritto del lavoro /$cLuisa Galantino; aggiornato da Francesco Basenghi, Alberto Levi, Giuseppe Pellacani, Alberto Tampieri. 260 $aTorino :$bGiappichelli,$c2018. 300 $aXV, 409 p;$c24 cm 650 4$aDiritto del lavoro$zItalia.$0(OLS)http://pul/subject/2593 850 $aPUL 852 $aPUL$W1$xSL Diritto e Scienze Sociali 3$y79$m344. 4501 GALLU 1$j195047$qDDC 21$B199947$CPULBib$Z2$F199947 $H132098 $81 941 1 $a9 996 $6020$z978-88-921-1767-9*$9(OLS)http://pul/number/165621 996 $6245$aDiritto del lavoro$9(OLS)http://pul/title/53432 996 $6260$aTorino :$bGiappichelli$9(OLS)http://pul/publisher/48244 LEADER 01386nam a2200325 a 4500 001 000000131167 003 CaOOAMICUS 005 20121105174739.0 008 121105s2012 vc u000 u ita r 020 $a978-88-465-0834-8 040 $aPUL$bita 082 04$a230 100 1 $aLanza, Sergio.$0(OLS)http://pul/name/36320 245 10$aOpus Lateranum :$bsaggi di teologia pastorale /$cSergio Lanza ; Paolo Asolan - Tiago Freitas (edd.) . 260 $aCittą del Vaticano :$bLateran University Press,$c©2012. 300 $a353 p. ;$c21 cm. 490 1 $aVivae voces ;$v5 650 4$aTeologia pastorale.$0(OLS)http://pul/subject/1301 700 1 $aAsolan, Paolo,$csacerdote,$d1967-$0(OLS)http://pul/name/70710 700 1 $aFreitas, Tiago.$0(OLS)http://pul/name/84148 830 0$aVivae voces ;$v5.$0(OLS)http://pul/title/165512 850 $aPUL 852 $aPUL$W1$xSL Religione 3$y85$m230 COLL 7.5$j151522$qDDC 21$q $B150361$CPULBib$Z2$F150361 $H121112 $81 941 1 $a9 960 $aPastorale$91301 996 $6020$a978-88-465-0834-8$9(OLS)http://pul/number/150966 996 $6082$a230$9(OLS)http://pul/classification/368 996 $6245$aOpus Lateranum :$bsaggi di teologia pastorale$9(OLS)http://pul/title/83671 996 $6260$aCittą del Vaticano :$bLateran University Press$9(OLS)http://pul/publisher/74585